000 00643cam a22002293a 4500
001 29780
003 PGUSA
005 20140828083638.0
008 090824s2009||||xxu|||||s|||||000 | eng d
040 _aPGUSA
_beng
042 _adc
050 4 _aQA
100 1 _aWeierstrass, Karl,
_d1815-1897
245 1 0 _aTheorie der Abel'schen Functionen
_h[electronic resource] /
_cKarl Weierstrass
260 _bProject Gutenberg,
_c2009
506 _aPublic domain in the USA.
516 _aElectronic text
653 _aFunctions, Abelian
830 0 _aProject Gutenberg
_v29780
856 4 0 _uhttp://www.gutenberg.org/ebooks/29780
942 _cEB
999 _c259035
_d259035